| 000 | 00846nam a22002177a 4500 | ||
|---|---|---|---|
| 999 |
_c5643 _d5643 |
||
| 003 | AR-CdUCM | ||
| 008 | 190313b ||||| |||| 00| 0 spa d | ||
| 040 |
_aMUNICIPALIDAD PROVINCIAL DEL CUSCO _cBIBLIOTECA MUNICIPAL DEL CUSCO |
||
| 082 |
_a869.44 / _bI41 |
||
| 110 |
_aFacultad de Filosofía y letras. _916853 |
||
| 245 | _aImagen de América Latina en el siglo XX / | ||
| 260 |
_aBolivia : _bUniversidad Mayor de San Andres, _c1968. |
||
| 300 |
_a92 páginas ; _c19 cm. |
||
| 500 | _aDonación familia Nieto | ||
| 505 | _aContenido: Tierra, hombre y novela de América -- La filosofía latinoamericana en el siglo XX -- La política latinoamericana en el siglo XX -- La economía latinoamericana en el siglo XX | ||
| 650 |
_aSiglo XX _98 |
||
| 650 |
_aLiteratura _983 |
||
| 650 |
_aConferencias _9376 |
||
| 942 |
_2ddc _cLIBROS |
||
| 945 | _aafb | ||